Online Catalogue and eLibrary

An agenda for cultural action and other essays / (Record no. 269)

MARC details
000 -LEADER
fixed length control field 00607cam a2200229 a 4500
001 - CONTROL NUMBER
control field 13155699
005 - DATE AND TIME OF LATEST TRANSACTION
control field 20240202012659.0
008 - FIXED-LENGTH DATA ELEMENTS--GENERAL INFORMATION
fixed length control field 021129s2002 ii 000 0 eng
020 ## - INTERNATIONAL STANDARD BOOK NUMBER
ISBN 8188394130 (bound)
020 ## - INTERNATIONAL STANDARD BOOK NUMBER
ISBN 8188394122 (pbk.)
040 ## - CATALOGING SOURCE (பட்டியலாக்க மூலம்)
Original cataloging agency DLC
Transcribing agency DLC
082 ## - DDC Classification
DDC Edition Number 22
Class No. 306.
Item Number - Author Mark PAN.
100 1# - MAIN ENTRY--PERSONAL NAME
Personal name Panikkar, K. N.
245 13 - TITLE STATEMENT
Title An agenda for cultural action and other essays /
Statement of responsibility, etc. K.N. Panikkar.
250 ## - EDITION STATEMENT
Edition statement 2st ed.
260 ## - PUBLICATION, DISTRIBUTION, ETC.
Place of publication, distribution, etc. New Delhi :
Name of publisher, distributor, etc. Three Essays Press,
Date of publication, distribution, etc. 2002.
300 ## - PHYSICAL DESCRIPTION
Extent (e.g. Volumes, Pages etc.) 171 p. ;
490 1# - SERIES STATEMENT
Series statement Readings
650 #0 - SUBJECT ADDED ENTRY--TOPICAL TERM
Topical term or geographic name entry element Hinduism and politics
650 #0 - SUBJECT ADDED ENTRY--TOPICAL TERM
Topical term or geographic name entry element Nationalism
942 ## - Koha item type (Biblio)
Koha item type Books in Stacks (Lending)
Holdings
Lost status Damaged status Collection code Home library Current library Date acquired Full call number Accession Number Item type
    Lending WERC Library WERC Library 02/02/2024 306. PAN. 6733 Books in Stacks (Lending)

© WERC Library